000 00265nam a22001337a 4500
008 190225b xxu||||| |||| 00| 0 eng d
020 _a070993015008
041 _aeng
080 _a371
100 _a25
101 _aEDU
245 _aGRE
_cETS
942 _2udc
_cBK
999 _c54221
_d54221